[Event "South Wales op 13th"]
[Site "Cardiff"]
[Date "2016.07.09"]
[Round "4"]
[White "Calist, Aron"]
[Black "Wagner, Guy"]
[Result "0-1"]
[WhiteElo "1500"]
[BlackElo "1817"]
[PlyCount "64"]
[EventDate "2016.07.07"]
[EventType "swiss"]
[EventRounds "10"]
[EventCountry "WLS"]
[SourceTitle "EXT 2017"]
[Source "ChessBase"]
[SourceDate "2016.10.25"]
[SourceVersion "1"]
[SourceVersionDate "2016.10.25"]
[SourceQuality "1"]

1. e4 e6 2. d4 d5 3. Nc3 Nf6 4. Bg5 Bb4 5. e5 h6 6. exf6 hxg5 7. fxg7 Rg8 8. Qh5 Qf6 9. Nf3 Qxg7 10. Bd3 Nd7 11. Nd2 Qxd4 12. 0-0 Nf6 13. Qe2 Bd7 14. Nb3 Qh4 15. Nb5 Bxb5 16. Bxb5+ c6 17. Bd3 Rh8 18. h3 Ke7 19. c3 Bd6 20. Rad1 Kd7 21. Nd4 Rae8 22. Nf3 Qh6 23. Ne5+ Bxe5 24. Qxe5 g4 25. Rfe1 Reg8 26. Bf5 gxh3 27. Bxe6+ fxe6 28. Qxe6+ Kc7 29. Qe5+ Kc8 30. Qe6+ Kb8 31. Qe5+ Ka8 32. g3 Re8 0-1

[Event "South Wales op 12th"]
[Site "Cardiff"]
[Date "2015.07.15"]
[Round "8"]
[White "Camp, Andrew R"]
[Black "Calist, Aron"]
[Result "1/2-1/2"]
[WhiteElo "1474"]
[BlackElo "1380"]
[PlyCount "50"]
[EventDate "2015.07.11"]
[EventType "swiss"]
[EventRounds "10"]
[EventCountry "WLS"]
[SourceTitle "EXT 2016"]
[Source "ChessBase"]
[SourceDate "2015.10.08"]
[SourceVersion "1"]
[SourceVersionDate "2015.10.08"]
[SourceQuality "1"]

1. d4 Nf6 2. Nf3 d5 3. Bf4 Bf5 4. e3 e6 5. c3 c5 6. Bb5+ Nbd7 7. Qa4 a6 8. Be2 Be7 9. Nbd2 0-0 10. Nh4 Be4 11. Nxe4 Nxe4 12. Nf3 b5 13. Qd1 Nb6 14. Ne5 Rc8 15. 0-0 Na4 16. Rb1 Nexc3 17. bxc3 Nxc3 18. Qd2 Nxb1 19. Rxb1 Bd6 20. dxc5 Bxe5 21. Bxe5 Rxc5 22. Qd4 Qc8 23. Bxg7 Rc1+ 24. Rxc1 Qxc1+ 25. Bf1 Qc2 1/2-1/2

[Event "WLS-ch Minor"]
[Site "Cardiff"]
[Date "2015.04.04"]
[Round "3"]
[White "Bonutto, Stephen"]
[Black "Calist, Aron"]
[Result "0-1"]
[WhiteElo "1173"]
[BlackElo "1414"]
[PlyCount "64"]
[EventDate "2015.04.03"]
[EventType "swiss"]
[EventRounds "7"]
[EventCountry "WLS"]
[SourceTitle "EXT 2022"]
[Source "ChessBase"]
[SourceDate "2021.10.06"]
[SourceVersion "1"]
[SourceVersionDate "2021.10.06"]
[SourceQuality "1"]

1. d4 Nf6 2. c4 c5 3. Nf3 d6 4. Nc3 b6 5. Bg5 Nbd7 6. e3 g6 7. Bd3 Bg7 8. Qd2 0-0 9. e4 cxd4 10. Nxd4 Bb7 11. 0-0-0 Nc5 12. Rde1 Ng4 13. h3 Nxd3+ 14. Qxd3 Nxf2 15. Qe3 Nxh1 16. Rxh1 Rc8 17. Qd3 Qc7 18. b3 Qc5 19. Be3 Bxd4 20. Qxd4 Qxd4 21. Bxd4 Rfd8 22. Kb2 Rd7 23. Re1 f5 24. g3 fxe4 25. Nxe4 Bxe4 26. Rxe4 Rf8 27. Kc3 Rf3+ 28. Re3 Rxe3+ 29. Bxe3 e5 30. Kb4 Kf7 31. Bxb6 axb6 32. Kb5 e4 0-1

[Event "WLS-ch Minor"]
[Site "Cardiff"]
[Date "2015.04.04"]
[Round "4"]
[White "Calist, Aron"]
[Black "Kenealy, Alex"]
[Result "1-0"]
[WhiteElo "1414"]
[BlackElo "1601"]
[PlyCount "116"]
[EventDate "2015.04.03"]
[EventType "swiss"]
[EventRounds "7"]
[EventCountry "WLS"]
[SourceTitle "EXT 2022"]
[Source "ChessBase"]
[SourceDate "2021.10.06"]
[SourceVersion "1"]
[SourceVersionDate "2021.10.06"]
[SourceQuality "1"]

1. e4 d5 2. exd5 Qxd5 3. c4 Qe4+ 4. Qe2 Qxe2+ 5. Bxe2 Nc6 6. Nc3 Nf6 7. Nf3 e5 8. 0-0 Bf5 9. d3 Rd8 10. Bg5 Be7 11. Rad1 h6 12. Bh4 0-0 13. Nb5 a6 14. Nxc7 Rd7 15. Bxf6 gxf6 16. Nd5 Bg4 17. Rfe1 Kg7 18. Nh4 Bxe2 19. Rxe2 Nd4 20. Re4 f5 21. Rxd4 exd4 22. Nxf5+ Kg6 23. Nfxe7+ Kg5 24. f4+ Kh4 25. Nf5+ Kg4 26. Nf6+ Kxf5 27. Nxd7 Re8 28. Nc5 Re2 29. b3 b5 30. Nxa6 bxc4 31. bxc4 Rxa2 32. Nb4 Rb2 33. Nd5 Rc2 34. h3 Kg6 35. g4 h5 36. Re1 Rd2 37. Rc1 Rxd3 38. c5 Rd2 39. c6 d3 40. c7 Re2 41. c8Q d2 42. Qc2+ Kg7 43. Qc3+ Kf8 44. Rd1 hxg4 45. hxg4 f5 46. Qf6+ Ke8 47. Qe7+ Rxe7 48. Nxe7 Kxe7 49. Rxd2 fxg4 50. Rg2 Kf6 51. Rxg4 Kf5 52. Rg8 Kxf4 53. Kf2 Kf5 54. Kf3 Kf6 55. Kf4 Kf7 56. Rg5 Kf6 57. Ra5 Ke6 58. Rh5 Kd6 1-0